<?xml version="1.0" encoding="UTF-8"?>
<record
    xmlns:xsi="http://www.w3.org/2001/XMLSchema-instance"
    xsi:schemaLocation="http://www.loc.gov/MARC21/slim http://www.loc.gov/standards/marcxml/schema/MARC21slim.xsd"
    xmlns="http://www.loc.gov/MARC21/slim">

  <leader>01211nam0a2200289   4500</leader>
  <controlfield tag="001">RU\NLR\bibl\1858818</controlfield>
  <controlfield tag="005">20250616182003.0</controlfield>
  <datafield tag="010" ind1=" " ind2=" ">
    <subfield code="a">978-5-7289-0277-5</subfield>
    <subfield code="9">500</subfield>
  </datafield>
  <datafield tag="021" ind1=" " ind2=" ">
    <subfield code="a">RU</subfield>
    <subfield code="b">2011-102500</subfield>
    <subfield code="9">7333</subfield>
  </datafield>
  <datafield tag="035" ind1=" " ind2=" ">
    <subfield code="a">(NLR Aleph) 001848734</subfield>
  </datafield>
  <datafield tag="090" ind1=" " ind2=" ">
    <subfield code="a">2372384</subfield>
    <subfield code="c">2372384</subfield>
  </datafield>
  <datafield tag="100" ind1=" " ind2=" ">
    <subfield code="a">20120120d2010    |||y0rusy50      ca</subfield>
  </datafield>
  <datafield tag="101" ind1="0" ind2=" ">
    <subfield code="a">rus</subfield>
  </datafield>
  <datafield tag="102" ind1=" " ind2=" ">
    <subfield code="a">RU</subfield>
  </datafield>
  <datafield tag="105" ind1=" " ind2=" ">
    <subfield code="a">ach |||||||||</subfield>
  </datafield>
  <datafield tag="200" ind1="1" ind2=" ">
    <subfield code="a">&#x418; &#x442;&#x430;&#x43A; &#x431;&#x44B;&#x432;&#x430;&#x435;&#x442;</subfield>
    <subfield code="e">&#x43F;&#x44C;&#x435;&#x441;&#x44B;</subfield>
    <subfield code="f">&#x411;&#x438;&#x43B;&#x44F;&#x43B; &#x410;&#x43F;&#x43F;&#x430;&#x435;&#x432;</subfield>
  </datafield>
  <datafield tag="210" ind1=" " ind2=" ">
    <subfield code="a">&#x427;&#x435;&#x440;&#x43A;&#x435;&#x441;&#x441;&#x43A;</subfield>
    <subfield code="c">&#x41A;&#x430;&#x440;&#x430;&#x447;&#x430;&#x435;&#x432;&#x43E;-&#x427;&#x435;&#x440;&#x43A;&#x435;&#x441;&#x441;&#x43A;&#x43E;&#x435; &#x440;&#x435;&#x441;&#x43F;&#x443;&#x431;&#x43B;&#x438;&#x43A;&#x430;&#x43D;&#x441;&#x43A;&#x43E;&#x435; &#x43A;&#x43D;. &#x438;&#x437;&#x434;-&#x432;&#x43E;</subfield>
    <subfield code="d">2010</subfield>
  </datafield>
  <datafield tag="215" ind1=" " ind2=" ">
    <subfield code="a">398, [2] &#x441;.</subfield>
    <subfield code="c">&#x438;&#x43B;., &#x444;&#x430;&#x43A;&#x441;., &#x43F;&#x43E;&#x440;&#x442;&#x440;.</subfield>
    <subfield code="d">21</subfield>
  </datafield>
  <datafield tag="327" ind1="1" ind2=" ">
    <subfield code="a">&#x421;&#x43E;&#x434;&#x435;&#x440;&#x436;.: &#x41A;&#x43B;&#x44F;&#x442;&#x432;&#x430; &#x43D;&#x435; &#x436;&#x435;&#x43D;&#x438;&#x442;&#x44C;&#x441;&#x44F;; &#x414;&#x43E;&#x440;&#x43E;&#x436;&#x435; &#x436;&#x438;&#x437;&#x43D;&#x438;; &#x41A;&#x430;&#x43A; &#x43F;&#x43E;&#x445;&#x438;&#x449;&#x430;&#x44E;&#x442; &#x43A;&#x440;&#x430;&#x441;&#x430;&#x432;&#x438;&#x446;; &#x410;&#x43C;&#x443;&#x43B;&#x435;&#x442;; &#x41D;&#x435;&#x432;&#x435;&#x441;&#x442;&#x430; &#x43E;&#x442;&#x446;&#x430;; &#x41E;&#x442;&#x432;&#x435;&#x440;&#x436;&#x435;&#x43D;&#x43D;&#x44B;&#x439;; &#x418; &#x43D;&#x430; &#x431;&#x43E;&#x43B;&#x43E;&#x442;&#x435; &#x440;&#x430;&#x441;&#x442;&#x443;&#x442; &#x446;&#x432;&#x435;&#x442;&#x44B;; &#x417;&#x43B;&#x43E;&#x441;&#x447;&#x430;&#x441;&#x442;&#x43D;&#x430;&#x44F; &#x43A;&#x432;&#x430;&#x440;&#x442;&#x438;&#x440;&#x430;</subfield>
  </datafield>
  <datafield tag="686" ind1=" " ind2=" ">
    <subfield code="a">&#x428;6(2=&#x41A;&#x430;&#x440;&#x430;)7-6{&#x41B;&#x445;-&#x43A;&#x430;&#x440;&#x430;&#x447;&#x430;&#x435;&#x432;.325-105}</subfield>
  </datafield>
  <datafield tag="700" ind1=" " ind2="1">
    <subfield code="a">&#x410;&#x43F;&#x43F;&#x430;&#x435;&#x432;</subfield>
    <subfield code="b">&#x411;. &#x414;.</subfield>
    <subfield code="g">&#x411;&#x438;&#x43B;&#x44F;&#x43B; &#x414;&#x43E;&#x431;&#x430;&#x435;&#x432;&#x438;&#x447;</subfield>
    <subfield code="4">070</subfield>
  </datafield>
  <datafield tag="801" ind1=" " ind2="0">
    <subfield code="a">RU</subfield>
    <subfield code="b">NLR</subfield>
    <subfield code="c">20120120</subfield>
    <subfield code="g">RCR</subfield>
  </datafield>
  <datafield tag="801" ind1=" " ind2="1">
    <subfield code="a">RU</subfield>
    <subfield code="b">NLR</subfield>
    <subfield code="c">20120120</subfield>
  </datafield>
  <datafield tag="942" ind1=" " ind2=" ">
    <subfield code="c">BOOK</subfield>
  </datafield>
  <datafield tag="980" ind1=" " ind2=" ">
    <subfield code="a">NB</subfield>
  </datafield>
  <datafield tag="980" ind1=" " ind2=" ">
    <subfield code="a">NBR</subfield>
  </datafield>
  <datafield tag="995" ind1=" " ind2=" ">
    <subfield code="5">2012-01-20</subfield>
    <subfield code="a">ad</subfield>
    <subfield code="b">NLR01</subfield>
    <subfield code="c">NLR01</subfield>
    <subfield code="e">RF8</subfield>
    <subfield code="f">3576639</subfield>
    <subfield code="k">2012-3/1593</subfield>
    <subfield code="o">0</subfield>
    <subfield code="r">BOOK</subfield>
    <subfield code="s">201231593_</subfield>
  </datafield>
  <datafield tag="995" ind1=" " ind2=" ">
    <subfield code="5">2012-01-20</subfield>
    <subfield code="a">ad</subfield>
    <subfield code="b">NLR01</subfield>
    <subfield code="c">NLR01</subfield>
    <subfield code="e">RF8</subfield>
    <subfield code="f">3576640</subfield>
    <subfield code="k">2012-3/1593</subfield>
    <subfield code="o">0</subfield>
    <subfield code="r">BOOK</subfield>
    <subfield code="s">201231593_</subfield>
  </datafield>
</record>
